Normal view
MARC view
- রহমান, মোঃ মাহবুবুর
Entry Personal Name
001 - CONTROL NUMBER
- control field: 2440
003 - CONTROL NUMBER IDENTIFIER
- control field: OSt
005 - DATE AND TIME OF LATEST TRANSACTION
- control field: 20191030142727.0
008 - FIXED-LENGTH DATA ELEMENTS
- fixed length control field: 191030|| aca||aabn | a|a d
040 ## - CATALOGING SOURCE
- Original cataloging agency: OSt
100 ## - HEADING--PERSONAL NAME
- Personal name: রহমান, মোঃ মাহবুবুর
